000 00679nam a2200229 a 4500
001 12501
003 CO-ViMGA
008 141112s2004 ck r 000 u spa d
020 _a8479020105
040 _aCO-ViMGA
_bspa
_cCO-ViMGA
082 0 4 _a641.1 P14d
100 1 _aPaish, Wilf
_918008
245 1 0 _aLa Dieta en el Deporte
250 _a3
260 _aMadrid :
_bTutor,
_c1993
300 _a110p. : il.
590 _aForma de adquisición : COMPRA - - Precio : 31.900 - - Proveedor : TUCIDIDES PEREA - - Fecha de adquisición : 09 - 06 - 2000
650 1 4 _aALIMENTOS DIETETICOS
_97712
650 1 4 _aDIETA
650 1 4 _aDIETA PARA DEPORTISTAS
_918009
942 _2ddc
_cBK
999 _c23498
_d23498